000 00558nam a22001577a 4500
005 20120424115949.0
020 _a8121003199
_c195.00
035 _aA-705465
037 _aDPL
_bENG
100 _aMishra, K.K.
_945639
245 _aTribal elites and social transformation /
_cby K.K. Mishra
260 _aNew Delhi
_bInter-India Publications
_c1993
300 _a160p.
_c20 cms.
942 _2ddc
_cEN
_h307.772
_mMIS
999 _c65524
_d65524